Leader xxxxxxxxxx
001 __ PCLIS00048232
005 __ 20230215113500.0
010 0_ |a978-957-444-934-7|b平裝|dNT$300
042 __ |anbic
100 __ |a20140421d2014 m y0chiy09 e
101 0_ |achi
102 __ |atw
105 __ |ay z 000cy
200 1_ |a進可成事 退不受困|e薛仁明讀史記|f薛仁明著
205 __ |a初版
210 __ |a臺北市|c九歌|d2014[民103]
215 0_ |a238面|d21公分|e1 CD
225 2_ |a九歌文庫|v1155
410 _0 |12001 |a九歌文庫|v1155
517 1_ |a薛仁明讀史記|zchi
606 __ |a中國散文|2csh
681 __ |a855|b4426.5-2
700 _1 |a薛|b仁明|f1968- |4著
801 _0 |atw|bNDHU|c20140605|gCCR
801 _1 |atw|b內湖高中|c20150428|gCCR
801 _2 |atw|b內湖高中|c20150428|gCCR
|